Detalles MARC
| 000 -ENCABEZADO |
| Número de control [NR] |
01493 a2200349 4500 |
| 008 - DE LONGITUD FIJA DE DATOS DE ELEMENTOS - INFORMACIÓN GENERAL |
| Elementos de longitud fija [NR] |
130821s2012 ck gr spa |
| 020 ## - NUMERO INTERNACIONAL NORMALIZADO PARA LIBROS [R] |
| Número Internacional Normalizado del libro [NR] |
9789588755274 |
| 040 ## - FUENTE DE CATALOGACION [NR] |
| Agencia de catalogación original [NR] |
CO-BoUCM |
| Idioma de catalogación [NR] |
Español |
| Quien Cataloga |
|
| Quien Clasifica |
|
| 041 00 - CODIGO DE IDIOMA [R] |
| Código de idioma para texto/pista de sonido o título separado [R] |
Español |
| 082 04 - NUMERO DE CLASIFICACION DECIMAL DEWEY [R] |
| Número de clasificación [R] |
344.023 |
| Número de la edición [NR] |
20 |
| 100 1# - ASIENTO PRINCIPAL--NOMBRE PERSONAL [NR] |
| Nombre personal [NR] |
Gärtner López, Jhon Armando |
| ID Autoridad |
33281 |
| 245 10 - MENCION DE TITULO [NR] |
| Título [NR] |
Indemnización integral y seguridad social por un mismo hecho en Colombia evolución jurisprudencial |
| Parte restante del título [NR] |
Corte Suprema de Justicia y Consejo de Estado |
| Mención de responsabilidad, etc. [NR] |
Jhon Armando Gartnerv López , Hernán Cortés Correa |
| 260 ## - PUBLICACION, DISTRIBUCION, ETC. (PIE DE IMPRENTA) [R] |
| Lugar de publicación, distribución, etc. [R] |
Pereira (Risaralda, Colombia) |
| Nombre del editor, distribuidor, etc. [R] |
Universidad Libre |
| Fecha de publicación, distribución, etc. [R] |
2012 |
| 300 ## - DESCRIPCION FISICA [R] |
| Extensión [R] |
99 páginas |
| 504 ## - NOTA DE BIBLIOGRAFIA, ETC. [R] |
| Nota de bibliografía, etc. [NR] |
Incluye referencias bibliográficas |
| 650 #4 - ASIENTO SECUNDARIO DE MATERIA - TERMINO TEMATICO [R] |
| Término temático o nombre geográfico como elemento de entrada [NR] |
Indemnizaciones laborales |
| Subdivisión geográfica [R] |
Colombia |
| 9 (RLIN) |
34617 |
| 650 #4 - ASIENTO SECUNDARIO DE MATERIA - TERMINO TEMATICO [R] |
| Término temático o nombre geográfico como elemento de entrada [NR] |
Jurisprudencia administrativa |
| Subdivisión geográfica [R] |
Colombia |
| 9 (RLIN) |
34618 |
| 650 #4 - ASIENTO SECUNDARIO DE MATERIA - TERMINO TEMATICO [R] |
| Término temático o nombre geográfico como elemento de entrada [NR] |
Jurisprudencia civil |
| Subdivisión geográfica [R] |
Colombia |
| 9 (RLIN) |
34619 |
| 650 #4 - ASIENTO SECUNDARIO DE MATERIA - TERMINO TEMATICO [R] |
| Término temático o nombre geográfico como elemento de entrada [NR] |
Jurisprudencia laboral |
| Subdivisión geográfica [R] |
Colombia |
| 9 (RLIN) |
33593 |
| 650 #4 - ASIENTO SECUNDARIO DE MATERIA - TERMINO TEMATICO [R] |
| Término temático o nombre geográfico como elemento de entrada [NR] |
Responsabilidad civil |
| Subdivisión geográfica [R] |
Colombia |
| 9 (RLIN) |
34620 |
| 650 #7 - ASIENTO SECUNDARIO DE MATERIA - TERMINO TEMATICO [R] |
| 9 (RLIN) |
12465 |
| Término temático o nombre geográfico como elemento de entrada [NR] |
Daños y perjuicios |
| Subdivisión geográfica [R] |
Colombia |
| 650 #7 - ASIENTO SECUNDARIO DE MATERIA - TERMINO TEMATICO [R] |
| Término temático o nombre geográfico como elemento de entrada [NR] |
Derecho civil |
| Subdivisión geográfica [R] |
Colombia |
| 9 (RLIN) |
34616 |
| 650 #7 - ASIENTO SECUNDARIO DE MATERIA - TERMINO TEMATICO [R] |
| Término temático o nombre geográfico como elemento de entrada [NR] |
Derecho laboral |
| Subdivisión geográfica [R] |
Colombia |
| 9 (RLIN) |
12790 |
| 650 #7 - ASIENTO SECUNDARIO DE MATERIA - TERMINO TEMATICO [R] |
| Término temático o nombre geográfico como elemento de entrada [NR] |
Indemnización judicial |
| Subdivisión geográfica [R] |
Colombia |
| 9 (RLIN) |
31267 |
| 650 #7 - ASIENTO SECUNDARIO DE MATERIA - TERMINO TEMATICO [R] |
| Término temático o nombre geográfico como elemento de entrada [NR] |
Seguridad social |
| Subdivisión geográfica [R] |
Colombia |
| 9 (RLIN) |
24118 |
| 690 ## - ASUNTO AGREGADO LOCAL DE ENTRADA - TÉRMINO TEMÁTICO (OCLC, RLIN) |
| Acceso temático local |
Derecho administrativo |
| 690 ## - ASUNTO AGREGADO LOCAL DE ENTRADA - TÉRMINO TEMÁTICO (OCLC, RLIN) |
| Acceso temático local |
Derecho civil |
| 690 ## - ASUNTO AGREGADO LOCAL DE ENTRADA - TÉRMINO TEMÁTICO (OCLC, RLIN) |
| Acceso temático local |
Derecho laboral |
| 700 1# - ASIENTO SECUNDARIO - NOMBRE PERSONAL [R] |
| Nombre personal [NR] |
Cortés Correa, Hernán |
| 9 (RLIN) |
33286 |
| 710 1# - ASIENTO SECUNDARIO - NOMBRE CORPORATIVO [R] |
| Nombre corporativo o de jurisdicción como elemento de entrada [NR] |
Universidad Libre |
| Unidad subordinada [R] |
Seccional Pereira |
| 9 (RLIN) |
33231 |
| 942 ## - ELEMENTOS DE ENTRADA AGREGADOS (KOHA) |
| Tipo de ítem principal el descrito en 300a |
Libro |
| Tema principal |
Derecho |
| Edición |
1 |
| Parte restante de la signatura top. |
G884 |
| Sistema de clasificación |
DEWEY |
| Clasificación |
344.023 |